Statistics for The 'Mystery City' Quiz - 2

Click here to take the quiz!

General Stats

  • This quiz has been taken 43 times
  • The average score is 8 of 11

Answer Stats

QuestionAnswer% Correct
The capital city of Jamaica is?P. Kingston
97%
Of which country is Tallinn the capital city?A. Estonia
93%
Which European country exported the most motor vehicles in the world in 2019?G. Germany
93%
Which country on the mainland of Africa is the most Easterly?S. Somalia
83%
After Brazil, which South American country has the largest population?I. Colombia
80%
In what country is Mount Elbrus (5,642 m)?O. Russia
73%
The Mystery City is in which Continent?Asia
63%
What is the longest river totally in France (1,012 km)?R. Loire
63%
Of the 76 countries that drive on the left, which has the greatest population?E. India
47%
The longest river in Oceania at 2508 km is?N. River Murray
47%
The 'Mystery City' is?Singapore
37%

Score Distribution

Percentile by Number Answered

Percent of People with Each Score

Your Score History

You have not taken this quiz